000 01326nam a22003137a 4500
003 OSt
005 20260308234216.0
008 260308b |||||||| |||| 00| 0 eng d
040 _aCvSU-CCAT Campus Library.
_bEnglish.
_cCvSU-CCAT Campus Library.
_erda.
050 _aUM HD 62.7
_bG76 2024
100 _aGrospe, Elyssa C., author.
_919058
245 _aHalo-Panada Food Stall : an enterprise development project /
_cElyssa C. Grospe, Cherry Ann R. Sambajon, Aron John G. Voluntad.
260 _aRosario, Cavite :
_bCavite State University-CCAT Campus,
_c2024
300 _axiv, 64 leaves :
_billustrations ;
_c28 cm
500 _aEnterprise Development Project (BSBA)--Cavite State University-CCAT Campus, 2024.
504 _aIncludes bibliographical references.
546 _aIn English text.
650 _aSmall business -- Management
_98827
650 _aEntrepreneurship
_9136
650 _aFood service
_958
650 _aFood industry and trade
_995
650 _aSocial media and marketing
_919059
700 _aSambajon, Cherry Ann R., author.
_919060
700 _aVoluntad, Aron John., author.
_919061
700 _aAmbas, Arman M., adviser.
_96624
700 _aAbad, Juvie B., technical critic.
_96613
942 _2lcc
_cT/M/D
_hHD 62.7 G76 2024
_kUM
999 _c4832
_d4832